01467nam a2200265Ia 4500952009100000952009100091999001700182008004100199020001500240050001600255245010400271250001800375260003400393300003500427500006300462505043000525519004500955650001701000700002901017700003501046700003401081700003901115700004001154942000701194 00104070a11b11d2007-01-08l0oT59 E733 p11 002663r2012-06-26t1w2012-06-26yLB 00104070a11b11d2007-01-08l0oT59 E733 p11 006269r2012-06-26t2w2012-06-26yLB c69878d69878120626s2001 ck a 000 0 spa d a9701502965 aT59 bE733  aErgonomía 2 b: Confort y estrés térmico c/ Pedro R. Mondelo; Enrique Gregori Torada y otros a3a. edición aColombiab: Alfaomegac, 2001 a209 páginasb: ilustraciones aIncluye: Contenido, Introducción, Anexos, Bibliografía aTermorregulación del cuerpo humano Ambiente térmico: magnitudes, unidades e instrumentos de medición Balance térmico Indice de valoración medio (IVM) de Fanger Indice de sobrecarga calórica (ISC) (heat stress index) Indice de temperatura de globo y de bulbo húmedo (WBGT-Index) Indice de sudoración requerida (SWreq) Estrés por frío Problemas, casos y soluciones El programa Spring 3.0  aMaterial Complementario/ d(11 002663)  0aERGONOMÍA  aMondelo, Pedro R.eautor aGregori Torada, Enriqueeautor aComas Úriz, Santiagoeautor aCastrejón Vilella, Emilioeautor aBartolomé Lacambra, Esthereautor cLB